| 000 | 00566cam a22002411 4500 | ||
|---|---|---|---|
| 001 | sa 67001408 | ||
| 003 | DLC | ||
| 005 | 20260227112322.0 | ||
| 008 | 890824s1964 ii 000 0 orio | ||
| 010 | _asa 67001408 | ||
| 035 | _a(OCoLC)20253288 | ||
| 040 |
_aDLC _cWaU _dDLC |
||
| 042 | _apremarc | ||
| 050 | 0 | 0 |
_aPK2576 _b.M5 |
| 100 | 1 | _aMiśra, Tattvakandara. | |
| 245 | 1 | 0 | _aSujātā. |
| 260 | _c[1964] | ||
| 300 |
_a88 p. _c18 cm. |
||
| 500 | _aIn Oriya. | ||
| 500 | _aPoems. | ||
| 650 | 0 | _aOriya poetry. | |
| 710 | 2 | _aSahitya Samsad (Cuttack, India) | |
| 999 |
_c72610 _d72610 |
||